000 00651nam a2200241 i 4500
001 C2-0287532
003 PPAK
005 20180728020827.0
008 080218s2007 nyua|||| ||||| | eng d
020 _a9780007224821
040 _aPPAK
_beng
_cPPAK
_erda
082 0 4 _a428.6
_223
090 0 0 _a428.6
_bMCC
_dLCK
100 1 _aMcClintock, Mike,
_eauthor
245 1 2 _aA fly went by
264 1 _aNew York :
_bHarpers Collins Publishers ,
_c2007
300 _a65 pages :
_bcolour illustrations ;
_c23 cm
336 _2rdacontent
_atext
337 _2rdamedia
_aunmediated
338 _2rdacarrier
_avolume
650 1 0 _aReaders
942 _ddc
_cB
999 _c93223
_d93223